| 000 | 00673nam a2200217 i 4500 | ||
|---|---|---|---|
| 001 | 000046065 | ||
| 003 | DO-SdBNP | ||
| 005 | 20250806104308.0 | ||
| 008 | 150518s1989 dr 000 0 spa d | ||
| 040 |
_aDO-SdBNP _bspa _cBNPHU _erda |
||
| 041 | _aspa | ||
| 082 |
_axxxx _bE795 _222 |
||
| 245 | 1 | 0 | _aEstatuto orgánico. |
| 260 |
_aSanto Domingo : _bUASD, _c1989. |
||
| 300 |
_a49 p. : _bil. |
||
| 490 | 1 |
_aPublicaciones de la Univerdad Autónoma de Santo Domingo _v385 |
|
| 500 | _aLineas programáticas de la FDE 1982-84 | ||
| 700 | 1 | 2 |
_aRojas, Onofre, _epres. _931119 |
| 830 | 0 |
_aPublicaciones de la Univerdad Autónoma de Santo Domingo _v385 _974138 |
|
| 942 |
_2ddc _cLF2 |
||
| 999 |
_c45554 _d45554 |
||